[Event "EU-ch U16 Girls"]
[Site "Prague"]
[Date "2024.08.25"]
[Round "4"]
[White "Tomcaniova, Lucia"]
[Black "Rybackova, Lucie"]
[Result "1/2-1/2"]
[WhiteElo "1901"]
[BlackElo "2024"]
[PlyCount "70"]
[EventDate "2024.08.22"]
[EventType "swiss"]
[EventRounds "9"]
[EventCountry "CZE"]
[SourceTitle "CB36_2024"]
[SourceDate "2024.09.04"]
[SourceVersion "1"]
[SourceVersionDate "2024.09.04"]
[SourceQuality "1"]

1. d4 d5 2. Nf3 Nf6 3. c4 c6 4. cxd5 cxd5 5. Nc3 Nc6 6. Bf4 g6 7. e3 Bg7 8. Be2 0-0 9. 0-0 Bf5 10. Rc1 Nh5 11. Bg5 h6 12. Bh4 g5 13. Bg3 Nxg3 14. hxg3 e6 15. Na4 Rc8 16. Nc5 Qe7 17. Nd3 Rc7 18. Qd2 Rfc8 19. Rc3 Nd8 20. Rfc1 b6 21. Rxc7 Rxc7 22. Rc3 Qd6 23. Qc1 Rxc3 24. Qxc3 Qc6 25. Qxc6 Nxc6 26. Kf1 f6 27. Nc1 e5 28. Bb5 Ne7 29. Ke1 Kf7 30. Kd2 Ke6 31. Ng1 Kd6 32. Nge2 h5 33. Nd3 Nc6 34. Ne1 g4 35. Bd3 Bxd3 1/2-1/2

[Event "EU-ch U16 Girls"]
[Site "Prague"]
[Date "2024.08.23"]
[Round "2"]
[White "Tomcaniova, Lucia"]
[Black "Maria, Lia Alexandra"]
[Result "1-0"]
[WhiteElo "1901"]
[BlackElo "2046"]
[PlyCount "63"]
[EventDate "2024.08.22"]
[EventType "swiss"]
[EventRounds "9"]
[EventCountry "CZE"]
[SourceTitle "CB36_2024"]
[SourceDate "2024.09.04"]
[SourceVersion "1"]
[SourceVersionDate "2024.09.04"]
[SourceQuality "1"]

1. e4 c5 2. Nf3 d6 3. d4 cxd4 4. Nxd4 Nf6 5. Nc3 a6 6. h3 e6 7. Be3 Be7 8. g4 Nfd7 9. Bg2 g5 10. Qe2 b5 11. e5 d5 12. Nxd5 exd5 13. Bxd5 Ra7 14. 0-0-0 Bb7 15. Bxb7 Rxb7 16. e6 fxe6 17. Nxe6 Qa5 18. Qf3 Rb6 19. Bxb6 Qxb6 20. Rhe1 Nc6 21. Ng7+ Kd8 22. Qd5 Qb7 23. Ne6+ Kc8 24. Nd4 Nde5 25. Nxc6 Nxc6 26. Rxe7 Nxe7 27. Qxb7+ Kxb7 28. Rd7+ Kc6 29. Rxe7 Rf8 30. Rxh7 Rxf2 31. Rh6+ Kd5 32. Rxa6 1-0

[Event "SVK-ch U16 Girls"]
[Site "Tatralandia"]
[Date "2024.04.11"]
[Round "8"]
[White "Berkova, Agata"]
[Black "Tomcaniova, Lucia"]
[Result "0-1"]
[WhiteElo "1462"]
[BlackElo "1924"]
[PlyCount "74"]
[EventDate "2024.04.05"]
[EventType "swiss"]
[EventRounds "9"]
[EventCountry "SVK"]
[SourceTitle "CB16_2024"]
[SourceDate "2024.04.17"]
[SourceVersion "1"]
[SourceVersionDate "2024.04.17"]
[SourceQuality "1"]

1. d4 d5 2. Nf3 Nf6 3. e3 c5 4. b3 Nc6 5. a3 Bg4 6. Bb2 e6 7. Nbd2 cxd4 8. exd4 Bd6 9. Bd3 0-0 10. 0-0 Bf4 11. Qe1 Qb6 12. Kh1 Kh8 13. Rd1 Rac8 14. h3 Bh5 15. Rg1 Qc7 16. g4 Bg6 17. Bxg6 hxg6 18. g5 Nh5 19. Rg4 Ne7 20. c3 Kh7 21. Ne5 Nf5 22. Ndf3 Rh8 23. Bc1 Bxc1 24. Rxc1 Kg8 25. Nxg6 fxg6 26. Qxe6+ Kh7 27. Ne5 Qb6 28. Qxd5 Rhd8 29. Qf3 Rxd4 30. Rxd4 Nxd4 31. Qe3 Nxb3 32. Qxb6 axb6 33. Rc2 Nf4 34. h4 Nd4 35. Rb2 Rxc3 36. Rxb6 Rh3+ 37. Kg1 Nde2+ 0-1

[Event "SVK-ch U16 Girls"]
[Site "Tatralandia"]
[Date "2024.04.07"]
[Round "4"]
[White "Horvathova, Hana"]
[Black "Tomcaniova, Lucia"]
[Result "1/2-1/2"]
[WhiteElo "1730"]
[BlackElo "1924"]
[PlyCount "42"]
[EventDate "2024.04.05"]
[EventType "swiss"]
[EventRounds "9"]
[EventCountry "SVK"]
[SourceTitle "CB16_2024"]
[SourceDate "2024.04.17"]
[SourceVersion "1"]
[SourceVersionDate "2024.04.17"]
[SourceQuality "1"]

1. e4 c5 2. Nf3 Nc6 3. Bb5 g6 4. 0-0 Bg7 5. Re1 Nf6 6. d3 0-0 7. Bxc6 bxc6 8. Nc3 d5 9. h3 Ba6 10. Bf4 Re8 11. Qd2 Qb6 12. Rab1 Rad8 13. e5 Nd7 14. Qc1 Nf8 15. Bh6 Ne6 16. Bxg7 Kxg7 17. Ne2 h6 18. c4 Qb4 19. b3 Rb8 20. Qc3 Rec8 21. Qc2 Rd8 1/2-1/2

[Event "Wch U16 Girls"]
[Site "Montesilvano"]
[Date "2023.11.24"]
[Round "11"]
[White "Tomcaniova, Lucia"]
[Black "Conde Mares, Vanya Briseyda"]
[Result "1-0"]
[WhiteElo "1715"]
[BlackElo "1566"]
[PlyCount "127"]
[EventDate "2023.11.13"]
[EventType "swiss"]
[EventRounds "11"]
[EventCountry "ITA"]
[SourceTitle "CB48_2023"]
[SourceDate "2023.11.29"]
[SourceVersion "1"]
[SourceVersionDate "2023.11.29"]
[SourceQuality "1"]

1. e4 e5 2. Nf3 Nc6 3. d4 exd4 4. Nxd4 Qf6 5. Nf3 Bc5 6. Qe2 d6 7. Nc3 h6 8. h3 Be6 9. Be3 Bb4 10. Bd2 0-0-0 11. 0-0-0 Nge7 12. a3 Ba5 13. Na4 Bxd2+ 14. Rxd2 Rhe8 15. Qe3 a6 16. Qc3 Qxc3 17. Nxc3 Ng6 18. Nd4 Nxd4 19. Rxd4 f5 20. Be2 fxe4 21. Rxe4 d5 22. Rxe6 Rxe6 23. Bg4 Nf8 24. Re1 d4 25. Rxe6 Nxe6 26. Bxe6+ Kb8 27. Ne2 Re8 28. Bg4 c5 29. Kd2 Rf8 30. f4 Kc7 31. Bf3 b6 32. Kd3 Kd6 33. Bb7 a5 34. a4 Re8 35. Be4 Rf8 36. g3 Rb8 37. Ng1 b5 38. axb5 Rxb5 39. b3 Rb4 40. Nf3 a4 41. bxa4 Rxa4 42. Ke2 Ra3 43. Bd3 Kd5 44. Ne5 Rc3 45. Kf3 g5 46. Kg4 gxf4 47. Kxf4 Ke6 48. g4 Ra3 49. h4 Ra8 50. Bc4+ Ke7 51. Kf5 Rf8+ 52. Kg6 Rf6+ 53. Kh5 Rf2 54. Bd3 Ke6 55. Ng6 Kd5 56. Ne7+ Ke5 57. Kxh6 Rd2 58. g5 Rxd3 59. cxd3 c4 60. Nc6+ Kd5 61. Nxd4 cxd3 62. Nf3 Ke4 63. Nd2+ Ke3 64. Nb3 1-0

[Event "Wch U16 Girls"]
[Site "Montesilvano"]
[Date "2023.11.18"]
[Round "6"]
[White "Zelbova, Lada"]
[Black "Tomcaniova, Lucia"]
[Result "1/2-1/2"]
[WhiteElo "2057"]
[BlackElo "1715"]
[PlyCount "60"]
[EventDate "2023.11.13"]
[EventType "swiss"]
[EventRounds "11"]
[EventCountry "ITA"]
[SourceTitle "CB48_2023"]
[SourceDate "2023.11.29"]
[SourceVersion "1"]
[SourceVersionDate "2023.11.29"]
[SourceQuality "1"]

1. e4 e5 2. Nf3 Nc6 3. Bb5 f5 4. d3 fxe4 5. dxe4 Nf6 6. 0-0 Bc5 7. Bg5 d6 8. h3 0-0 9. Nc3 Qe8 10. Bxf6 gxf6 11. Nh4 Kh8 12. Nd5 Qf7 13. c3 Be6 14. Nf5 Bxf5 15. exf5 Rg8 16. Ne3 Qg7 17. Qd2 Qg5 18. Bc4 d5 19. Bxd5 Rad8 20. h4 Qg7 21. c4 Ne7 22. Qe2 Nxd5 23. cxd5 Rxd5 24. g3 Rd4 25. Kh2 Rgd8 26. Rfd1 Qh6 27. Ng4 Qg7 28. Ne3 Qh6 29. Ng4 Qg7 30. Ne3 Qh6 1/2-1/2

[Event "Skalica op-B"]
[Site "Skalica"]
[Date "2023.08.27"]
[Round "9"]
[White "Tomcaniova, Lucia"]
[Black "Haasova, Timea"]
[Result "0-1"]
[WhiteElo "1699"]
[BlackElo "1764"]
[PlyCount "132"]
[EventDate "2023.08.19"]
[EventType "swiss"]
[EventRounds "9"]
[EventCountry "SVK"]
[SourceTitle "CBM 215 Extra"]
[Source "ChessBase"]
[SourceDate "2023.09.30"]
[SourceVersion "1"]
[SourceVersionDate "2023.09.30"]
[SourceQuality "1"]

1. e4 c5 2. Nf3 e6 3. b3 b6 4. Bb2 Bb7 5. Nc3 d6 6. d4 cxd4 7. Nxd4 Nf6 8. Bb5+ Nbd7 9. 0-0 a6 10. Bxd7+ Qxd7 11. Qe2 Be7 12. Rad1 Qc7 13. Rfe1 0-0 14. Rd3 Nd7 15. Rh3 Bf6 16. Rd1 g6 17. Rg3 Bg7 18. h4 Nf6 19. Re3 Rfd8 20. Nf3 b5 21. b4 Nxe4 22. Nxe4 Bxb2 23. c3 Bxe4 24. Qxb2 Bb7 25. Nd4 Qc4 26. Nb3 Bxg2 27. Rg3 Bd5 28. Rd4 Qc7 29. h5 Bc4 30. Qd2 Qe7 31. Rh3 e5 32. Rdh4 g5 33. Rg3 h6 34. Na5 Rac8 35. Nxc4 Rxc4 36. Rxc4 bxc4 37. Qd5 Qe6 38. Qb7 d5 39. Re3 Re8 40. a4 Re7 41. Qa8+ Re8 42. Qb7 Qg4+ 43. Kf1 Qd1+ 44. Kg2 Qxa4 45. Qxd5 Qb5 46. Qe4 Re6 47. Qa8+ Kg7 48. Qe4 Rd6 49. Qxe5+ Qxe5 50. Rxe5 Rd3 51. Ra5 Rxc3 52. Rxa6 Rb3 53. Rb6 c3 54. Rc6 Rxb4 55. Rxc3 Rh4 56. Rc6 Rxh5 57. Rb6 Rh4 58. Kg3 Rf4 59. f3 h5 60. Rb5 f6 61. Rb3 Kg6 62. Rc3 Kf5 63. Rc5+ Ke6 64. Rb5 h4+ 65. Kg2 h3+ 66. Kg3 h2 0-1

[Event "Skalica op-B"]
[Site "Skalica"]
[Date "2023.08.25"]
[Round "7"]
[White "Tomcaniova, Lucia"]
[Black "Hasala, Richard"]
[Result "1-0"]
[WhiteElo "1699"]
[BlackElo "1789"]
[PlyCount "53"]
[EventDate "2023.08.19"]
[EventType "swiss"]
[EventRounds "9"]
[EventCountry "SVK"]
[SourceTitle "CBM 215 Extra"]
[Source "ChessBase"]
[SourceDate "2023.09.30"]
[SourceVersion "1"]
[SourceVersionDate "2023.09.30"]
[SourceQuality "1"]

1. e4 c5 2. Nf3 d6 3. d4 cxd4 4. Nxd4 Nf6 5. Nc3 a6 6. Be3 e5 7. Nb3 Be6 8. f4 exf4 9. Bxf4 Nc6 10. Qe2 Be7 11. h3 0-0 12. 0-0-0 Qc7 13. g4 Rfe8 14. g5 Nd7 15. h4 Nde5 16. Qg2 Bf8 17. h5 b5 18. Nd5 Bxd5 19. exd5 Na5 20. Bxe5 Nxb3+ 21. axb3 Rxe5 22. g6 fxg6 23. hxg6 h6 24. Qf2 Qb7 25. Bh3 Re7 26. Be6+ Kh8 27. Qd4 1-0

[Event "Skalica op-B"]
[Site "Skalica"]
[Date "2023.08.21"]
[Round "3"]
[White "Rendl, Lubos"]
[Black "Tomcaniova, Lucia"]
[Result "0-1"]
[WhiteElo "1423"]
[BlackElo "1699"]
[PlyCount "84"]
[EventDate "2023.08.19"]
[EventType "swiss"]
[EventRounds "9"]
[EventCountry "SVK"]
[SourceTitle "CBM 215 Extra"]
[Source "ChessBase"]
[SourceDate "2023.09.30"]
[SourceVersion "1"]
[SourceVersionDate "2023.09.30"]
[SourceQuality "1"]

1. e4 c6 2. d4 d5 3. exd5 cxd5 4. Bd3 Nc6 5. c3 g6 6. h3 Bf5 7. Bxf5 gxf5 8. Bf4 e6 9. Nd2 Bd6 10. Ne2 Nf6 11. Qb3 Rb8 12. Qc2 Rg8 13. Qd3 Ne4 14. Nxe4 fxe4 15. Qe3 Rxg2 16. 0-0-0 Na5 17. Bxd6 Qxd6 18. Rhg1 Nc4 19. Qh6 Rxf2 20. Rdf1 Rxf1+ 21. Rxf1 Qf8 22. Qxh7 Nd6 23. Qh4 Nf5 24. Qf4 Qh6 25. a3 Ke7 26. Qxh6 Nxh6 27. Nf4 Rg8 28. Kd2 Kd6 29. h4 Nf5 30. h5 Rg4 31. c4 dxc4 32. a4 a6 33. a5 Rh4 34. d5 e5 35. Ng6 Rxh5 36. Nh8 Ke7 37. b4 Nd6 38. Nxf7 Nxf7 39. Rxf7+ Kxf7 40. d6 Ke6 41. b5 Kxd6 42. b6 Rh3 0-1

[Event "World ol U16"]
[Site "Eindhoven"]
[Date "2023.08.15"]
[Round "5.19"]
[White "O'Carroll, Om"]
[Black "Tomcaniova, Lucia"]
[Result "1/2-1/2"]
[WhiteElo "1737"]
[BlackElo "1699"]
[PlyCount "125"]
[EventDate "2023.08.13"]
[EventType "team-swiss"]
[EventRounds "9"]
[EventCountry "NED"]
[SourceTitle "CBM 215 Extra"]
[Source "ChessBase"]
[SourceDate "2023.09.30"]
[SourceVersion "1"]
[SourceVersionDate "2023.09.30"]
[SourceQuality "1"]
[WhiteTeam "Australia II"]
[BlackTeam "Slovakia"]
[WhiteTeamCountry "AUS"]
[BlackTeamCountry "SVK"]

1. e4 c5 2. Nf3 Nc6 3. Bb5 g6 4. 0-0 Bg7 5. Bxc6 dxc6 6. d3 Nf6 7. Nc3 Nd7 8. Be3 e5 9. Qd2 b6 10. Bh6 0-0 11. Rae1 Re8 12. Bxg7 Kxg7 13. Re3 Nf8 14. Ne1 Ne6 15. Ne2 Qg5 16. f4 exf4 17. Ref3 Qe5 18. Nxf4 Qd4+ 19. Kh1 Re7 20. c3 Qd6 21. Nxe6+ Bxe6 22. Qg5 Bxa2 23. Rh3 f6 24. Qh6+ Kg8 25. Rhf3 Rf7 26. Nc2 Qf8 27. Qf4 Kg7 28. Ne3 Be6 29. h4 Qb8 30. Qxb8 Rxb8 31. Rg3 Kh6 32. Ng4+ Bxg4 33. Rxg4 Rbf8 34. Rgf4 Kg7 35. g4 h5 36. gxh5 gxh5 37. Rg1+ Kh6 38. Rf5 Re7 39. Rgf1 Kg6 40. e5 Re6 41. exf6 Rexf6 42. Rg5+ Kh6 43. Rfg1 Rf1 44. Rxf1 Rxf1+ 45. Kg2 Rb1 46. Kf3 Rxb2 47. Rg8 a5 48. Ke4 a4 49. Kf5 Rf2+ 50. Ke6 b5 51. Ra8 Kg6 52. Kd6 b4 53. cxb4 cxb4 54. Rxa4 b3 55. Kxc6 b2 56. Rb4 Rd2 57. Rb3 Kf5 58. Kc5 Kg4 59. Rb4+ Kf3 60. d4 Ke4 61. d5+ Ke5 62. d6 Rxd6 63. Rxb2 1/2-1/2

[Event "Piestany op-B"]
[Site "Piestany"]
[Date "2023.07.19"]
[Round "9"]
[White "Reis, Pedro Rafael Melo"]
[Black "Tomcaniova, Lucia"]
[Result "1/2-1/2"]
[WhiteElo "1588"]
[BlackElo "1789"]
[PlyCount "32"]
[EventDate "2023.07.11"]
[EventType "swiss"]
[EventRounds "9"]
[EventCountry "SVK"]
[SourceTitle "EXT 2024"]
[Source "ChessBase"]
[SourceDate "2023.10.10"]
[SourceVersion "1"]
[SourceVersionDate "2023.10.10"]
[SourceQuality "1"]

1. d4 f5 2. Nd2 Nf6 3. g3 g6 4. Bg2 Bg7 5. e4 fxe4 6. Nxe4 0-0 7. Nxf6+ exf6 8. Ne2 d5 9. 0-0 Bg4 10. h3 Bxe2 11. Qxe2 c6 12. Bf4 Nd7 13. Qd2 f5 14. Rfe1 Nf6 15. Bg5 Qd7 16. Bxf6 Bxf6 1/2-1/2

[Event "SVK-ch U16 Girls"]
[Site "Dudince"]
[Date "2023.04.22"]
[Round "8"]
[White "Tomcaniova, Lucia"]
[Black "Pechociakova, Petra"]
[Result "1-0"]
[WhiteElo "1641"]
[BlackElo "1169"]
[PlyCount "33"]
[EventDate "2023.04.16"]
[EventType "swiss"]
[EventRounds "9"]
[EventCountry "SVK"]
[SourceTitle "CBM 213 Extra"]
[Source "ChessBase"]
[SourceDate "2023.05.31"]
[SourceVersion "1"]
[SourceVersionDate "2023.05.31"]
[SourceQuality "1"]

1. e4 e6 2. d4 d5 3. e5 Nc6 4. f4 Nge7 5. Nf3 g6 6. Bd3 Bg7 7. 0-0 Bd7 8. c3 Nf5 9. Qe1 f6 10. Nbd2 Qe7 11. b4 a6 12. a4 Na7 13. b5 a5 14. Ba3 Qd8 15. Bxf5 gxf5 16. Qh4 fxe5 17. Qh5# 1-0

[Event "Modra op"]
[Site "Modra"]
[Date "2023.02.22"]
[Round "6"]
[White "Stevik, Patrik1111"]
[Black "Tomcaniova, Lucia"]
[Result "1-0"]
[WhiteElo "2297"]
[BlackElo "1661"]
[PlyCount "39"]
[EventDate "2023.02.20"]
[EventType "swiss"]
[EventRounds "7"]
[EventCountry "SVK"]
[SourceTitle "EXT 2024"]
[Source "ChessBase"]
[SourceDate "2023.10.10"]
[SourceVersion "1"]
[SourceVersionDate "2023.10.10"]
[SourceQuality "1"]

1. Nf3 d5 2. c4 c6 3. e3 Nf6 4. Nc3 Bg4 5. Qb3 Qb6 6. Qxb6 axb6 7. cxd5 cxd5 8. Ne5 Bd7 9. d4 e6 10. Bd2 Nc6 11. Bb5 Bd6 12. f4 Ke7 13. 0-0 h5 14. Rac1 Ra5 15. a4 Raa8 16. Be1 Rac8 17. Bh4 Rc7 18. e4 dxe4 19. Nxe4 Bb4 20. Rc4 1-0

[Event "Modra op"]
[Site "Modra"]
[Date "2023.02.21"]
[Round "3"]
[White "Vadila, Ondrej"]
[Black "Tomcaniova, Lucia"]
[Result "1-0"]
[WhiteElo "2171"]
[BlackElo "1661"]
[PlyCount "65"]
[EventDate "2023.02.20"]
[EventType "swiss"]
[EventRounds "7"]
[EventCountry "SVK"]
[SourceTitle "EXT 2024"]
[Source "ChessBase"]
[SourceDate "2023.10.10"]
[SourceVersion "1"]
[SourceVersionDate "2023.10.10"]
[SourceQuality "1"]

1. d4 d5 2. Nc3 Nf6 3. Bf4 e6 4. e3 Bb4 5. Nge2 Nbd7 6. a3 Ba5 7. b4 Bb6 8. Ng3 0-0 9. Bd3 Re8 10. Bg5 c6 11. f4 a5 12. 0-0 h6 13. Bh4 Qe7 14. Rb1 axb4 15. axb4 Ba7 16. Nh5 b6 17. Rf3 Kh8 18. Rg3 Rg8 19. e4 b5 20. Bf1 g5 21. fxg5 Nxe4 22. Nxe4 dxe4 23. c3 e5 24. Kh1 hxg5 25. Nf4 Nf6 26. Bxg5 Rxg5 27. Rxg5 exf4 28. Qe1 Nh7 29. Re5 Be6 30. Qxe4 Qd7 31. Bd3 f5 32. Qe2 Re8 33. Bxf5 1-0

[Event "SVK-chT U18"]
[Site "Radava"]
[Date "2022.11.23"]
[Round "4.2"]
[White "Stevik, Patrik1111"]
[Black "Tomcaniova, Lucia"]
[Result "1-0"]
[WhiteElo "2200"]
[BlackElo "1640"]
[PlyCount "63"]
[EventDate "2022.11.21"]
[EventType "team-swiss"]
[EventRounds "7"]
[EventCountry "SVK"]
[SourceTitle "CBM 211 Extra"]
[Source "ChessBase"]
[SourceDate "2023.01.31"]
[SourceVersion "1"]
[SourceVersionDate "2023.01.31"]
[SourceQuality "1"]
[WhiteTeam "Banska Bystrica Junior"]
[BlackTeam "Bratislava Doprastav II"]
[WhiteTeamCountry "SVK"]
[BlackTeamCountry "SVK"]

1. Nf3 Nf6 2. g3 d5 3. Bg2 Bf5 4. c4 c6 5. 0-0 e6 6. d3 Nbd7 7. Nbd2 Bc5 8. cxd5 cxd5 9. Qa4 0-0 10. e4 dxe4 11. dxe4 Bg6 12. b4 Be7 13. Nh4 a5 14. Nxg6 hxg6 15. bxa5 Rxa5 16. Qb3 Nc5 17. Qe3 Qd3 18. Qxd3 Nxd3 19. Nb3 Ra4 20. Bg5 Rfa8 21. Rfd1 Nc5 22. Rac1 Nxb3 23. axb3 Ra3 24. e5 Nd5 25. Bxe7 Nxe7 26. Bxb7 R8a7 27. Rd7 Rxb3 28. Rcc7 Nf5 29. Rxf7 Rb1+ 30. Kg2 Rb2 31. g4 Ne3+ 32. Kh3 1-0

[Event "SVK-chT U18"]
[Site "Radava"]
[Date "2022.11.22"]
[Round "3.2"]
[White "Cizmar, Tomas"]
[Black "Tomcaniova, Lucia"]
[Result "1-0"]
[WhiteElo "1376"]
[BlackElo "1640"]
[PlyCount "83"]
[EventDate "2022.11.21"]
[EventType "team-swiss"]
[EventRounds "7"]
[EventCountry "SVK"]
[SourceTitle "CBM 211 Extra"]
[Source "ChessBase"]
[SourceDate "2023.01.31"]
[SourceVersion "1"]
[SourceVersionDate "2023.01.31"]
[SourceQuality "1"]
[WhiteTeam "Bratislava Doprastav III"]
[BlackTeam "Bratislava Doprastav II"]
[WhiteTeamCountry "SVK"]
[BlackTeamCountry "SVK"]

1. e4 c6 2. d4 d5 3. exd5 cxd5 4. Bd3 Nc6 5. c3 Nf6 6. Nf3 Bg4 7. h3 Bxf3 8. Qxf3 e6 9. 0-0 Be7 10. Nd2 a6 11. Qg3 0-0 12. Nf3 Re8 13. Re1 b5 14. b4 Qb8 15. Qxb8 Raxb8 16. a4 Rec8 17. axb5 axb5 18. Ra6 Bd6 19. Ne5 Bxe5 20. dxe5 Nd7 21. f4 d4 22. Be4 Rb6 23. Rxb6 Nxb6 24. Bxc6 Rxc6 25. cxd4 Rc4 26. Bd2 Nd5 27. Re4 Nxb4 28. Bxb4 Rxb4 29. Kf2 Kf8 30. Kf3 Ke7 31. g4 Rb3+ 32. Re3 Rxe3+ 33. Kxe3 Kd7 34. f5 Kc6 35. h4 exf5 36. gxf5 Kd5 37. Kd3 b4 38. h5 g6 39. e6 Kd6 40. exf7 Ke7 41. fxg6 hxg6 42. hxg6 1-0

[Event "SVK-chT U18"]
[Site "Radava"]
[Date "2022.11.21"]
[Round "1.2"]
[White "Brnusak, Tomas"]
[Black "Tomcaniova, Lucia"]
[Result "1-0"]
[WhiteElo "2107"]
[BlackElo "1640"]
[PlyCount "63"]
[EventDate "2022.11.21"]
[EventType "team-swiss"]
[EventRounds "7"]
[EventCountry "SVK"]
[SourceTitle "CBM 211 Extra"]
[Source "ChessBase"]
[SourceDate "2023.01.31"]
[SourceVersion "1"]
[SourceVersionDate "2023.01.31"]
[SourceQuality "1"]
[WhiteTeam "Liptov Chess School"]
[BlackTeam "Bratislava Doprastav II"]
[WhiteTeamCountry "SVK"]
[BlackTeamCountry "SVK"]

1. e4 c6 2. d4 d5 3. e5 Bf5 4. h4 h5 5. c4 e6 6. Nc3 Ne7 7. Nge2 dxc4 8. Ng3 Bg6 9. Bg5 Qa5 10. Bxc4 Nd7 11. 0-0 Nb6 12. Bd3 Bxd3 13. Qxd3 Ned5 14. Nce4 Nb4 15. Qf3 Qd5 16. Rad1 Be7 17. Bxe7 Kxe7 18. a3 Na6 19. Qf4 Rad8 20. Nd6 Rxd6 21. exd6+ Qxd6 22. Qg5+ Kf8 23. Nxh5 g6 24. Nf6 Nc7 25. Rd3 Nbd5 26. Rf3 Kg7 27. Ne4 Qd7 28. Qe5+ Kg8 29. g3 b6 30. Rc1 Nb5 31. a4 Nbc7 32. Qd6 1-0

[Event "Piestany Slovakia op-B"]
[Site "Piestany"]
[Date "2022.07.17"]
[Round "8"]
[White "Tomcaniova, Lucia"]
[Black "Benci, Jozef1111"]
[Result "0-1"]
[WhiteElo "1341"]
[BlackElo "1629"]
[PlyCount "96"]
[EventDate "2022.07.11"]
[EventType "swiss"]
[EventRounds "9"]
[EventCountry "SVK"]
[SourceTitle "CBM 209 Extra"]
[Source "ChessBase"]
[SourceDate "2022.09.30"]
[SourceVersion "1"]
[SourceVersionDate "2022.09.30"]
[SourceQuality "1"]

1. e4 d5 2. exd5 Qxd5 3. Nc3 Qd6 4. d4 c6 5. Nf3 Nf6 6. h3 Bf5 7. Be3 e6 8. Bd3 Bxd3 9. Qxd3 Be7 10. 0-0-0 Nbd7 11. Ng5 h6 12. Nge4 Qc7 13. g4 0-0-0 14. Nxf6 Nxf6 15. Qc4 Nd5 16. Rhf1 Bf6 17. Nxd5 Rxd5 18. f4 Rhd8 19. c3 Qd7 20. Qe2 Qc7 21. Qc4 Be7 22. Bg1 c5 23. dxc5 Bxc5 24. Bxc5 Qxc5 25. Qxc5+ Rxc5 26. Rxd8+ Kxd8 27. Rd1+ Kc7 28. Rd4 Rc6 29. Kd2 Rd6 30. Ke3 Rxd4 31. Kxd4 Kd6 32. b4 g5 33. fxg5 hxg5 34. c4 f5 35. c5+ Kc6 36. gxf5 exf5 37. a4 a6 38. Ke5 g4 39. hxg4 fxg4 40. Kf4 Kd5 41. Kxg4 Kc4 42. b5 axb5 43. axb5 Kxc5 44. b6 Kxb6 45. Kf3 Kc5 46. Ke2 Kc4 47. Kd2 Kb3 48. Kc1 b5 0-1

[Event "Piestany Augustus Cup"]
[Site "Piestany"]
[Date "2022.07.15"]
[Round "4"]
[White "Bednar, Jan"]
[Black "Tomcaniova, Lucia"]
[Result "1-0"]
[WhiteElo "2008"]
[BlackElo "1223"]
[PlyCount "55"]
[EventDate "2022.07.15"]
[EventType "swiss (rapid)"]
[EventRounds "7"]
[EventCountry "SVK"]
[SourceTitle "CBM 209 Extra"]
[Source "ChessBase"]
[SourceDate "2022.09.30"]
[SourceVersion "1"]
[SourceVersionDate "2022.09.30"]
[SourceQuality "1"]

1. d4 f5 2. g3 Nf6 3. Bg2 g6 4. Nf3 d6 5. c4 Bg7 6. Nc3 0-0 7. 0-0 Nbd7 8. b3 e5 9. dxe5 dxe5 10. Bb2 c6 11. e4 Nc5 12. Nxe5 Nfxe4 13. Nxe4 Nxe4 14. Qe2 Qc7 15. f4 Nc5 16. Rad1 Re8 17. Qd2 Be6 18. h4 Rad8 19. Qe2 Qb6 20. Kh2 Rxd1 21. Rxd1 Nd7 22. Nxd7 Bxd7 23. Qd2 Be6 24. Bxg7 Kxg7 25. h5 Re7 26. Qc3+ Kf7 27. h6 Ke8 28. Qh8+ 1-0

[Event "SVK-ch U14 Girls"]
[Site "Stara Lubovna"]
[Date "2022.05.26"]
[Round "7"]
[White "Novomeska, Karin"]
[Black "Tomcaniova, Lucia"]
[Result "1-0"]
[WhiteElo "1720"]
[BlackElo "1194"]
[PlyCount "45"]
[EventDate "2022.05.21"]
[EventType "swiss"]
[EventRounds "9"]
[EventCountry "SVK"]
[SourceTitle "CBM 208 Extra"]
[Source "ChessBase"]
[SourceDate "2022.07.31"]
[SourceVersion "1"]
[SourceVersionDate "2022.07.31"]
[SourceQuality "1"]

1. e4 c6 2. Nf3 d5 3. d3 dxe4 4. dxe4 Qxd1+ 5. Kxd1 Bg4 6. Be2 e6 7. Nfd2 Bxe2+ 8. Kxe2 Nd7 9. a4 a5 10. Nc4 f6 11. Rd1 Nh6 12. Rxd7 Kxd7 13. Nb6+ Kd8 14. Nxa8 Bc5 15. Be3 Bxe3 16. Kxe3 Ng4+ 17. Kd4 Ke7 18. Nb6 Rd8+ 19. Kc3 Ne5 20. Nd2 c5 21. Nbc4 Nc6 22. Nb3 b5 23. axb5 1-0

[Event "SVK-ch U14 Girls"]
[Site "Stara Lubovna"]
[Date "2022.05.24"]
[Round "5"]
[White "Tomcaniova, Lucia"]
[Black "Szotkovska, Natalia"]
[Result "1-0"]
[WhiteElo "1194"]
[BlackElo "1159"]
[PlyCount "57"]
[EventDate "2022.05.21"]
[EventType "swiss"]
[EventRounds "9"]
[EventCountry "SVK"]
[SourceTitle "CBM 208 Extra"]
[Source "ChessBase"]
[SourceDate "2022.07.31"]
[SourceVersion "1"]
[SourceVersionDate "2022.07.31"]
[SourceQuality "1"]

1. e4 e5 2. Nc3 Nf6 3. Bc4 Bc5 4. d3 h6 5. f4 d6 6. Na4 Bb4+ 7. c3 Ba5 8. b4 Bb6 9. Nxb6 axb6 10. Nf3 Bg4 11. 0-0 d5 12. exd5 Nxd5 13. Qe1 0-0 14. fxe5 Re8 15. Qg3 Nxc3 16. Qxg4 Ne2+ 17. Kh1 Nxc1 18. Raxc1 Qd7 19. Qxd7 Nxd7 20. d4 c6 21. Rfe1 Ra4 22. e6 fxe6 23. Bxe6+ Kh7 24. Bxd7 Rxe1+ 25. Rxe1 Rxb4 26. Bf5+ Kg8 27. Bg6 Rb1 28. Rxb1 Kf8 29. Re1 1-0